00303pab a2200121 454500008004000000100001700040245005400057260000900111300001300120362000800133650002200141773001800163180718b2017 xxu||||| |||| 00| 0 eng d aSindhuja, P. aGlobal frameworks for gender equality in politics c2017 ap.35-38. aMar aWomen in politics aThird Concept